00306pam a2200121a 44500008004100000020002700041082001700068100002400085245002100109250001200130260003200142300001000174230405s2007 xxu||||| |||| 00| 0 eng d a8184480741cRs. 235.62 a610.730bBAS aBasavanthappa, B.T. aNursing Research a2nd Ed. aNew DelhibJaypee Pubc2007 a574 p